<A> lakossági megtakarítások portfóliószerkezete.

Otázky zmeny štruktúry úspor obyvateľstva vzhľadom na nové ekonomické podmienky v Maďarsku. Modelovanie monetárneho systému, s ohľadom na reálny a predpokladaný vývoj úspor obyvateľstva. Otázky úrokovej miery, istoty, resp. neistoty obyvateľstva a systém ukladania úspor a ich realizácia.

Saved in:
Bibliographic Details
Main Author: Ábel, I.
Other Authors: Bonin, J.P, Székely, P.I
Format: Book Chapter
Language:Hungarian
Subjects:
Tags: Add Tag
No Tags, Be the first to tag this record!

MARC

LEADER 00000naa a2200000 4500
001 r010894
005 20221125113712.8
041 0 |a hun 
044 |a HU 
245 1 0 |a <A> lakossági megtakarítások portfóliószerkezete.  |c I. Ábel, J.P. Bonin, P.I. Székely 
520 |a Otázky zmeny štruktúry úspor obyvateľstva vzhľadom na nové ekonomické podmienky v Maďarsku. Modelovanie monetárneho systému, s ohľadom na reálny a predpokladaný vývoj úspor obyvateľstva. Otázky úrokovej miery, istoty, resp. neistoty obyvateľstva a systém ukladania úspor a ich realizácia. 
610 2 0 |a portfólio 
610 2 0 |a úspory obyvateľstva 
610 2 0 |a MR 
610 2 0 |a sústava peňažná 
610 2 0 |a modelovanie 
610 2 0 |a miera úroková 
100 1 |a Ábel, I. 
700 1 |a Bonin, J.P. 
700 1 |a Székely, P.I.